LEADER 01236nam2-2200397---450- 001 990005813980203316 005 20130305100705.0 010 $a0-471-01751-5 035 $a000581398 035 $aUSA01000581398 035 $a(ALEPH)000581398USA01 035 $a000581398 100 $a20130304d1979----km-y0itay50------ba 101 $aeng 102 $aUS 105 $a||||||||001yy 200 1 $aRandom variables and stochastic processes$fHarold J. Larson, Bruno O. Shubert 210 $aNew York [etc.]$cWiley & sons$d1979 215 $aX, 544 p.$d24 cm 410 0$12001 454 1$12001 461 1$1001000581412$12001$aProbabilistic models in engineering sciences 606 0 $aCalcolo delle probabilità$2BNCF 676 $a519.2 700 1$aLARSON,$bHarold J.$029068 701 1$aSHUBERT,$bBruno O.$0104066 801 0$aIT$bsalbc$gISBD 912 $a990005813980203316 951 $a519.2 LAR 1 1$b2456 Ing.$c519.2 LAR$d00319137 959 $aBK 969 $aTEC 979 $aALESSANDRA$b90$c20130304$lUSA01$h1546 979 $aALESSANDRA$b90$c20130305$lUSA01$h1001 979 $aALESSANDRA$b90$c20130305$lUSA01$h1007 996 $aRandom variables and stochastic processes$91088917 997 $aUNISA